000 00576nam a22001937a 4500
005 20251108172018.0
008 250721s1992 xx 000 0 ara d
082 1 4 _aم/922.113/محم
100 1 _aمحيسن، محمد سالم
245 1 0 _aمعجم حفاظ القرآن عبر التاريخ /
264 1 _aبيروت :
_bدار الجيل،
_c1992.
300 _a2مج
650 1 7 _aالمقرئون
650 1 7 _aالمعاجم
650 1 7 _aالقرآن الكريم
650 1 7 _aقراءات القرآن السبع
942 _2ddc
_cREF
999 _c68255
_d68255